00690nam a2200169 a 4500003000200000005001700002008004100019050003000060100002600090245010800116260009000224300004000314504004100354650004400395650004700439650003400486020250429122348.0050808s19uu xx 00 eng d aPHS HF 5415.32b.D45 2005 aDe Jesus, Riza Joy R. aEffects of the business subjects on the buying habits of upper school students /cRiza Joy R. De Jesus. aLas Piñas City, Philippines :bSouthville International School and Colleges,c2005. a37 pages :billustrations ;c28 cm. aIncludes bibliographical references. aConsumer behaviorxJuvenile literature. aHigh school studentsxEconomic conditions. aTeenagersxConsumer behavior.